UK Chancellors of the Exchequer - Statistics

General Stats
  • This quiz has been taken 626 times
    322 since last reset
  • The average score is 10 of 19
Answer Stats
Years Held Answer % Correct
1997-2007 Gordon Brown
95%
2020-2022 Rishi Sunak
89%
2022-2024 Jeremy Hunt
88%
2024- Rachel Reeves
86%
2010-2016 George Osborne
70%
1989-1990 John Major
69%
2022 Kwasi Kwarteng
67%
1983-1989 Nigel Lawson
57%
2007-2010 Alistair Darling
53%
2019-2020 Sajid Javid
47%
2016-2019 Phillip Hammond
46%
1990-1993 Norman Lamont
41%
1979-1983 Geoffrey Howe
39%
1993-1997 Kenneth Clarke
39%
2022 Nadhim Zahawi
38%
1974-1979 Denis Healey
32%
1967-1970 Roy Jenkins
19%
1970-1974 Anthony Barber
11%
1970 Iain Macleod
11%
No matching quizzes found
Score Distribution
Percent of People with Each Score
Percentile by Number Answered
Your Score History
You have not taken this quiz since the last reset